000
00250 a2200097 4500
001
12104
100
_a
Dte of Studies
245
_a
Language3 Learning Course (For GD(P) & Non GD Courses)
260
_a
_b
DOS PAF Acdy Risalpur
_c
090
_c
9326
_d
9326
942
_a
NUST-CAE
_c
M
_c
36185
999
_c
247177
_d
247177